The battle for Jerusalem : by Mordechai Gur /

Bibliographic Details
Main Author: Gur, Mordechai
Format: Book
Language:English
Hebrew
Published: New York : Popular Library, [1978]
Subjects:

MARC

Tag First Indicator Second Indicator Subfields
LEADER 00000cam a2200000 a 4500
001 in00000074793
005 20151008054800.0
008 790109c19781974nyub 00010 eng d
020 |a 0445043261 
035 |a (OCoLC)04534218 
035 |9 AAJ1666AM 
040 |a TRC  |c TRC  |d OCL  |d TXA  |d UtOrBLW 
041 1 |a eng  |a heb 
043 |a a-is--- 
049 |a TXAM  |c [1271788] 
090 |a DS109.94  |b .H313 1978 
092 |a 956.046  |b G978b 1978 
100 1 |a Gur, Mordechai. 
240 1 0 |a Har Habyit Beyadeinu.  |l English 
245 1 4 |a The battle for Jerusalem :  |b by Mordechai Gur /  |c translated by Phillip Gillon. 
264 1 |a New York :  |b Popular Library,  |c [1978] 
264 4 |c ©1978 
300 |a 380 pages :  |b map ;  |c 18 cm. 
336 |a text  |b txt  |2 rdacontent 
337 |a unmediated  |b n  |2 rdamedia 
338 |a volume  |b nc  |2 rdacarrier 
500 |a Translation of: Har Habayit Beyadeinu originally published in 1974. 
600 1 0 |a Gur, Mordechai. 
650 0 |a Israel-Arab War, 1967  |z Jerusalem. 
651 0 |a Jerusalem  |x Siege, 1967. 
999 |a MARS 
999 f f |s 02b4568a-d1e6-314e-a191-cded93f7c9fa  |i 018e1630-8370-368c-8248-f9ab5e829060  |t 0 
952 f f |p ric  |a Texas A&M University  |b Rellis Campus  |c Joint Library Facility  |d Remote Storage  |t 0  |e DS109.94 .H313 1978  |h Library of Congress classification  |i unmediated -- volume  |m A14806100392 
998 f f |a DS109.94 .H313 1978  |t 0  |l Remote Storage